La ciudadela de los pinguinos (recorte) /

Guardado en:
Autor Principal: Gallegos Luque Diego
Formato: Libro
Publicado: : , 1992
Series:First N§ 70
Materias:
Fc
Etiquetas: Agregar Etiqueta
Sin Etiquetas, Sea el primero en etiquetar este registro!
LEADER 00561nam a22002175a 4500
001 CEM.cems009168
005 20060214000000.0
008 130507s1992##################000#0#####d
003 CEMS
082 0 4 |a F574.5 
100 1 |a Gallegos Luque Diego 
245 1 0 |a La ciudadela de los pinguinos (recorte) / 
260 |a  :  |b ,  |c 1992 
300 |a 5 p. 
490 0 |a First N§ 70 
653 |a Ecologia 
653 |a Fc 
653 |a Pinguinos 
653 |a Animales-extincion 
653 |a Especies-extincion 
859 |a CEMS  |b BIB. CEMS - 11 de abril  |h F574.5  |i 20  |p 1458.44  |t Ej.1